000 00213nam a22000857a 4500
008 170301b xxu||||| |||| 00| 0 eng d
100 _92976
_aPenguin
245 _aSpelling Dictionary
260 _aNew Delhi
_bPenguin
_c2001
999 _c6221
_d6221